|
|
|
|
| LEADER |
01185nam a2200277 a 4500 |
| 001 |
11046 |
| 003 |
BD-DhAAL |
| 005 |
20260513180050.0 |
| 008 |
091110s2000 ii a b 000 0 eng d |
| 020 |
|
|
|a 8121903351
|
| 040 |
|
|
|a BD-DhAAL
|d BD-DhAAL
|
| 082 |
0 |
0 |
|a 338.5
|2 21
|
| 100 |
1 |
|
|a Ahuja, H. L.
|9 60321
|
| 245 |
1 |
0 |
|a Principles of microeconomics :
|b a new look at economic theory /
|c H.L. Ahuja
|
| 250 |
|
|
|a Eleventh revised edition.
|
| 260 |
|
|
|a New Delhi :
|b S. Chand & Co.,
|c 2000.
|
| 300 |
|
|
|a viii, 688 pages :
|b illustrations ;
|c 24 cm.
|
| 500 |
|
|
|a "For Students of Economics, Commerce and Business Economics"
|
| 504 |
|
|
|a Includes bibliographical references.
|
| 541 |
1 |
|
|e 00011046
|
| 650 |
|
0 |
|a Microeconomics.
|
| 852 |
4 |
|
|a Ayesha Abed Library
|j General Shelf.
|
| 942 |
0 |
0 |
|0 1
|2 ddc
|c BK
|
| 999 |
|
|
|c 5325
|d 5325
|
| 952 |
|
|
|0 0
|1 0
|2 ddc
|4 0
|6 338_500000000000000_AHU_2000
|7 0
|8 NFIC
|9 5187
|a BRACUL
|b BRACUL
|c GEN
|d 2009-11-10
|g 195.00
|l 2
|m 33
|o 338.5 AHU
|p 3010011046
|r 2016-04-04
|s 2015-07-29
|t 1
|v 390.00
|w 2009-11-10
|y BK
|
| 952 |
|
|
|0 0
|1 0
|2 ddc
|4 0
|6 338_500000000000000_AHU_2000
|7 0
|9 7801
|a BRACUL
|b BRACUL
|c GEN
|d 2010-02-04
|l 4
|m 38
|o 338.5 AHU
|p 3010011045
|r 2016-06-15
|s 2016-01-13
|t 2
|w 2010-02-04
|y BK
|